00320 a2200109 4500082002300000110001700023245003700040260004000077300001600117650006000133710001700193 a707.956.9bAS825h1 aAshkal Alwan aHome Workspace Program 2012-2013 aBeirut, LebanonbAshkal Alwanc2012 a16 pc21 cm xexhibicion-programaxartexhome workspace forumzlibano aAshkal Alwan